|
|
|
|
| LEADER |
00974nam a22002417a 4500 |
| 001 |
10379 |
| 003 |
BD-DhAAL |
| 005 |
20140401164259.0 |
| 008 |
140401s2000 bg a|||| |||| 00| 0 ben d |
| 020 |
|
|
|a 984483046X
|
| 040 |
|
|
|a BD-DhAAL
|c BD-DhAAL
|
| 082 |
|
|
|2 20
|a 709.095492
|
| 100 |
|
|
|a খালেদ, মইনুদ্দীন
|9 4230
|
| 245 |
|
|
|a বাংলাদেশের চিত্রশিল্প /
|c মইনুদ্দীন খালেদ
|
| 260 |
|
|
|a ঢাকা :
|b দিব্য প্রকাশ,
|c ২০০০
|
| 300 |
|
|
|a ১৯৬ পৃ. :
|b চিত্র ;
|c ২৪ সে. মি.
|
| 541 |
|
|
|e 10379
|
| 650 |
|
|
|a Art
|z Bangladesh
|9 4231
|
| 650 |
|
|
|a Painting
|z Bangladesh
|9 4232
|
| 852 |
|
|
|a Ayesha Abed Library
|c General Stacks
|
| 942 |
|
|
|2 ddc
|c BK
|
| 999 |
|
|
|c 14276
|d 14276
|
| 952 |
|
|
|0 0
|1 0
|2 ddc
|4 0
|6 709_095492000000000_KHA
|7 0
|9 24105
|a BRACUL
|b BRACUL
|c GEN
|d 2014-04-01
|l 1
|o 709.095492 KHA
|p 3010010379
|r 2017-05-30
|s 2017-05-22
|t 1
|w 2014-04-01
|y BK
|